Libro de la familia. (Record no. 157707)

MARC details
000 -LEADER
campo de control de longitud fija 00868nam a2200181 i 4500
001 - NÚMERO DE CONTROL
campo de control 157707
003 - IDENTIFICADOR DE NÚMERO DE CONTROL
campo de control ES-MaACL
005 - FECHA Y HORA DE LA ÚLTIMA TRANSACCIÓN
campo de control 20250808084936.0
008 - DATOS DE LONGITUD FIJA--INFORMACIÓN GENERAL
campo de control de longitud fija 040812s1890 sp |||| | spa d
245 00 - MENCIÓN DEL TÍTULO
Título Libro de la familia.
260 ## - PUBLICACIÓN, DISTRIBUCIÓN, ETC.
Lugar de publicación, distribución, etc. Madrid :
Nombre del editor, distribuidor, etc. [s.n.,
Fecha de publicación, distribución, etc. 1890?] (
Fabricante Imp. de Manuel G. Hernández)
300 ## - DESCRIPCIÓN FÍSICA
Extensión 1 v. (16 p.) ;
Dimensiones 19 cm.
505 8# - NOTA DE CONTENIDO CON FORMATO
Nota de contenido con formato Contiene en el verso de la cub.: Proposición de ley sobre el uso del libro de familia presentada al Congreso por Francisco Lastres y Juiz. Palacio del Congreso, 28 de febrero de 1890
597 ## - NOTA DE DESCRIPCIÓN FÍSICA
NOTA DE DESCRIPCIÓN FÍSICA Contiene el modelo de documento oficial.
650 04 - PUNTO DE ACCESO ADICIONAL DE MATERIA--TÉRMINO DE MATERIA
Término de materia o nombre geográfico como elemento de entrada Derecho civil-
Subdivisión geográfica España
9 (RLIN) 11659
852 ## - LOCALIZACIÓN
Ubicación ES-MaACL
Número de control de estantería T-712-F-5
Nota libre - Enc. hol., conservando la enc. original
-- . - Donativo Lastres
-- . - Dedicatoria autógrafa de Francisco Lastres al Ateneo
-- - Enc. en un vol. facticio
Holdings
Estatus retirado Estado de pérdida Estado de daño No para préstamo Colección Biblioteca de origen Biblioteca actual Ubicación en estantería Fecha de adquisición Total de préstamos Signatura topográfica completa Código de barras Visto por última vez Precio de reemplazo Tipo de ítem Koha
        Colección de folletos Biblioteca del Ateneo de Madrid Biblioteca del Ateneo de Madrid Depósito folletos 17/01/2008   T-712-F-5 1165038 23/02/2023 23/02/2023 Folleto